|
|
|
|
| LEADER |
00772nam a22002052a 4500 |
| 001 |
000197809 |
| 003 |
CZ BrMZK |
| 005 |
19970107143423.0 |
| 008 |
970107s1971 xr f cze d |
| 015 |
|
|
|a cnb000430522
|
| 035 |
|
|
|a (OCoLC)42148958
|
| 040 |
|
|
|a BOA001
|b cze
|
| 245 |
0 |
0 |
|a O vzdělávání dospělých :
|b sborník příspěvků z československo-švédské konference ve dnech 14.-16.10.1969 /
|c [autor:] Miroslav Bukovský, ... [et al.].
|
| 260 |
|
|
|a Praha :
|b SNTL,
|c 1971
|
| 300 |
|
|
|a 99 s.
|
| 700 |
1 |
|
|a Bukovský, Miroslav,
|d 1921-
|7 jk01020227
|
| 910 |
|
|
|a BOA001
|b PK-N-0013.464
|
| 964 |
|
|
|a Vzdělávání dospělých - konference - sborníky
|
| 990 |
|
|
|a BK
|
| 996 |
7 |
|
|b 3119930011
|c PK-N-0013.464
|l MZK
|r Sklad / do 1 hodiny
|n 2
|w 000197809
|u 000010
|a 1
|e BOA001
|j MZK50
|s A
|